Les spécialistes des sciences sociales et les prévisions de la chute des régimes communistes
| Titel: | Les spécialistes des sciences sociales et les prévisions de la chute des régimes communistes / Miroslav Novák |
|---|---|
| Verfasser: | |
| In: |
Divinatio, Band 44 (2017), Seite 41-54 alle Artikel anzeigen |
| Veröffentlicht: | 2017 |
| Format: | Aufsatz |
| Sprache: | Französisch |
X
alg: 54275953 001A $03025:06-03-26 001B $01999:07-03-26 $t01:19:45.000 001D $03025:06-03-26 001U $0utf8 001X $00 002@ $0Aou 002C $aText $btxt $2rdacontent 002D $aohne Hilfsmittel zu benutzen $bn $2rdamedia 002E $aBand $bnc $2rdacarrier 003@ $0542759535 007A $0542759535 $aHEB 010@ $afre 010E $erda 011@ $a2017 021A $aLes @spécialistes des sciences sociales et les prévisions de la chute des régimes communistes $hMiroslav Novák 028A $BVerfasser $#Novák, Miroslav $4aut $7133992195 $8Novák, Miroslav$Z1953- [Tp1] $9195316584 031A $d44 $h41-54 $j2017 039B $aEnthalten in $8--Abvc--. Divinatio. - Sofia : MSHS, 1997-. - ISSN 1310-9456 $x201700000440000959 $9070912750 044K $RMitteleuropa $RVisegrád-Staaten $ROsteuropa $#Ostmitteleuropa $#Ostmitteleuropa $#Mitteleuropa, Ost $#Central Europe Ostmitteleuropa $#Mittelosteuropa $74075753-5 $8Ostmitteleuropa [Tg1] $9085214485 044K $REuropa $ROstblock $ROstmitteleuropa $#Europa, Ost $#Östliches Europa $#Central Europe Osteuropa $74075739-0 $8Osteuropa [Tg1] $9085214396 044K $RWissenschaft $RStaatswissenschaft $#Social sciences $#Sciences sociales $#Scienze umane $#Ciencias sociales $#Sozialwissenschaft $#Gesellschaftswissenschaft $#Sozialwissenschaft $#Sozialwissenschaften $#Gesellschaftswissenschaften $#Sozialwissenschaft $74055916-6 $8Sozialwissenschaften [Ts1] $9085155861 044K $RZukunft $#Forecasting $#Prévision $#Futurologia $#Prospectiva $#forecasting $#Prognose $#Prognose $#Prognose $#Voraussage $#Vorhersage $#Zukunftsvoraussage $#Zukunftsprognose $#Vorausschätzung $#Prädiktion $74047390-9 $8Prognose [Ts1] $9085132160 044K $RSozialismus $#Staatssozialismus $74182676-0 $8Staatssozialismus [Ts1] $908587972X 044K $RSystemveränderung $#Systemtransformation $#Systemveränderung $#Systemtransformation $#Transformation Systemtransformation $74060633-8 $8Systemtransformation [Ts1] $9085168378 045F $a300.94370904 $eDDC23BSB 045F/01 $a300 045F/03 $f0904 045F/03 $g437 045F/03 $g47 045T $a7,41 046C $aSocial Scientists and Their Predictions of the Fall of Communist Regimes lok: 54275953 78 exp: 54275953 78 1 #EPN 201B/01 $006-03-26 $t14:02:13.000 201C/01 $006-03-26 201U/01 $0utf8 203@/01 $01336212861 208@/01 $a06-03-26 $be 209A/01 $a/ $f000 $x00 209A/01 $ab*p $x01 220C/01 $apgar 244Z/01 $#Ostmitteleuropa $#Ostmitteleuropa $#Mitteleuropa, Ost $#Central Europe Ostmitteleuropa $#Mittelosteuropa $74075753-5 $8--Tg1--Ostmitteleuropa $x05 $9085214485 247C/01 $82080>Marburg/Lahn, Herder-Institut, Forschungsbibliothek, Bibliographieportal $9336309341
| LEADER | 00000caa a2200000 c 4500 | ||
|---|---|---|---|
| 001 | 542759535 | ||
| 003 | DE-603 | ||
| 005 | 20260307011945.0 | ||
| 007 | tu | ||
| 008 | 260306s2017 xx |||| | u00||u|fre c | ||
| 035 | |a (DE-599)HEB542759535 | ||
| 040 | |a DE-603 |b ger |c DE-603 |d DE-603 |e rda | ||
| 041 | |a fre | ||
| 082 | 0 | 4 | |8 1\u |a 300.94370904 |q DE-101 |2 23/BSB |
| 084 | |a 7,41 |2 ssgn | ||
| 085 | |8 1\u |b 300 | ||
| 085 | |8 1\u |z 1 |s 0904 | ||
| 085 | |8 1\u |z 2 |s 437 | ||
| 085 | |8 1\u |z 2 |s 47 | ||
| 100 | 1 | |a Novák, Miroslav |d 1953- |e Verfasser |4 aut |0 (DE-603)195316584 |0 (DE-588)133992195 |2 gnd | |
| 245 | 0 | 0 | |a Les spécialistes des sciences sociales et les prévisions de la chute des régimes communistes |c Miroslav Novák |
| 246 | 1 | |i Abweichender Titel |a Social Scientists and Their Predictions of the Fall of Communist Regimes | |
| 264 | 0 | |c 2017 | |
| 336 | |a Text |b txt |2 rdacontent | ||
| 337 | |a ohne Hilfsmittel zu benutzen |b n |2 rdamedia | ||
| 338 | |a Band |b nc |2 rdacarrier | ||
| 650 | 7 | |a Sozialwissenschaften |0 (DE-588)4055916-6 |0 (DE-603)085155861 |2 gnd | |
| 650 | 7 | |a Prognose |0 (DE-588)4047390-9 |0 (DE-603)085132160 |2 gnd | |
| 650 | 7 | |a Staatssozialismus |0 (DE-588)4182676-0 |0 (DE-603)08587972X |2 gnd | |
| 650 | 7 | |a Systemtransformation |0 (DE-588)4060633-8 |0 (DE-603)085168378 |2 gnd | |
| 651 | 7 | |a Ostmitteleuropa |0 (DE-588)4075753-5 |0 (DE-603)085214485 |2 gnd | |
| 651 | 7 | |a Osteuropa |0 (DE-588)4075739-0 |0 (DE-603)085214396 |2 gnd | |
| 773 | 0 | 8 | |i Enthalten in |t Divinatio |d Sofia : MSHS, 1997- |x 1310-9456 |g Band 44 (2017), Seite 41-54 |w (DE-603)070912750 |w (DE-600)1399506-6 |
| 924 | 0 | |9 2080 |a (DE-603)1336212861 |b DE-2080 |c HES |d d |g / | |


